| Tag |
First Indicator |
Second Indicator |
Subfields |
| LEADER |
00000cam a2200000 a 4500 |
| 001 |
in00000018409 |
| 005 |
20180505063020.0 |
| 008 |
870316s1987 nyu b 00010 eng |
| 010 |
|
|
|a 87007541
|
| 020 |
|
|
|a 082406027X (alk. paper) :
|c $30.00
|
| 035 |
|
|
|a (OCoLC)15486322
|
| 035 |
|
|
|9 AAB0900AM
|
| 040 |
|
|
|a DLC
|c DLC
|d OCL
|d TXA
|d UtOrBLW
|
| 049 |
|
|
|a TXAM
|c [A11084462]
|
| 050 |
0 |
0 |
|a PR3671.S8
|b L5 1987
|
| 082 |
0 |
|
|a 822/.4
|2 19
|
| 100 |
1 |
|
|a Shadwell, Thomas,
|d 1642?-1692.
|
| 240 |
1 |
0 |
|a Libertine
|
| 245 |
1 |
0 |
|a Thomas Shadwell's the libertine :
|b a critical edition /
|c [edited by] Helen Pellegrin.
|
| 264 |
|
1 |
|a New York :
|b Garland Pub.,
|c 1987.
|
| 300 |
|
|
|a cviii, 189 pages ;
|c 21 cm.
|
| 336 |
|
|
|a text
|b txt
|2 rdacontent
|
| 337 |
|
|
|a unmediated
|b n
|2 rdamedia
|
| 338 |
|
|
|a volume
|b nc
|2 rdacarrier
|
| 490 |
1 |
|
|a Satire & sense
|
| 504 |
|
|
|a Bibliography: p 185-189.
|
| 650 |
|
0 |
|a Juan,
|c Don (Legendary character)
|v Drama.
|
| 700 |
1 |
|
|a Pellegrin, Helen.
|
| 740 |
0 |
|
|a Libertine.
|
| 830 |
|
0 |
|a Satire & sense.
|
| 999 |
|
|
|a MARS
|
| 999 |
f |
f |
|s 01792851-63b4-38a4-a282-4b384c60f477
|i 3426ad50-7d3c-3c9c-977a-2f8960f78138
|t 0
|
| 952 |
f |
f |
|p normal
|a Texas A&M University
|b College Station
|c Sterling C. Evans Library
|d Evans: Library Stacks
|t 0
|e PR3671.S8 L5 1987
|h Library of Congress classification
|i unmediated -- volume
|m A14811084462
|
| 998 |
f |
f |
|a PR3671.S8 L5 1987
|t 0
|l Evans: Library Stacks
|